00418nam a2200157Ia 4500003000400000005001700004008004100021020001800062040000900080082001800089100002400107245007800131260003300209300000800242650001000250OSt20260325135335.0190216s9999||||xx |||||||||||||| ||und|| a9788126408511 coclc a863.64bLLO/R aLlosa, Mario Vargas 0aRandanammakku Sthuthi = In Praise Of The Stepmother /cMario Vargas Llosa bDc Books,c2010.a Kottayam: a94p aNovel